Poblamiento y despoblamiento (Registro nro. 33360)

Detalles MARC
000 -LEADER
fixed length control field 00435 a2200133 4500
001 - CONTROL NUMBER
control field ART_41854
005 - DATE AND TIME OF LATEST TRANSACTION
control field 20260410162024.0
008 - FIXED-LENGTH DATA ELEMENTS--GENERAL INFORMATION
fixed length control field 260409a
100 1# - MAIN ENTRY--PERSONAL NAME
Personal name González Becerril, Juan Gabino
245 10 - TITLE STATEMENT
Title Poblamiento y despoblamiento
700 1# - ADDED ENTRY--PERSONAL NAME
Personal name Montoya Arce, Bernardino Jaciel
700 1# - ADDED ENTRY--PERSONAL NAME
Personal name Sandoval Forero, Eduardo Andrés
773 0# - HOST ITEM ENTRY
Title Notas de población
Related parts - Año XLIII, Nº 103 (jul./dic. 2016)
Record control number REV41841

No hay ítems disponibles.